| 000 | 01248cam a22003734i 4500 | ||
|---|---|---|---|
| 003 | PE-LiUPU | ||
| 005 | 20250731183353.0 | ||
| 008 | 160913s2001 r 000 0 spa d | ||
| 020 | _a848236202X | ||
| 020 | _a9788482362021 | ||
| 035 | _a(Sirsi) a163421 | ||
| 040 |
_aPE-LiUPU _bspa _cPE-LiUPU _erda |
||
| 082 | 0 | 4 |
_a747 _bC42 _220 |
| 245 |
_aWall tiles Azulejos : _bcreative ideas for beautiful wall. Ideas creativas para decorar y revestir paredes / _cIdea books |
||
| 264 |
_aEspana : _bIdea Books, S.A., _c2001 |
||
| 300 |
_a162 páginas ; _c30 centimetros |
||
| 336 |
_atext _2rdacontent |
||
| 337 |
_aunmediated _2rdamedia |
||
| 338 |
_avolume _2rdacarrier |
||
| 526 | _aP158 | ||
| 526 | _aP146 | ||
| 526 | _aP17 | ||
| 526 | _aP12 | ||
| 526 | _aP06 | ||
| 650 | 0 | 4 | _ala colocación de baldosas |
| 650 | 0 | 4 | _aAzulejos en la decoración de interiores . |
| 650 | 0 | 4 | _aazulejos. |
| 700 | 1 | _aIdea books. | |
| 910 | _ajck | ||
| 942 |
_2ddc _cBOOK |
||
| 949 |
_a747 C4 _wDEWEY _c1 _i70844 _lCATALOGING _mBUL _p40 _r0 _sY _tBOOK _u2016-09-13 _xINGENIERIA _0COMPRA _o.CIRCNOTE. El documento es de alto precio. _o.STAFF. Colección Fia |
||
| 980 |
_81 _gALBERTO SANCHEZ Responsable de Automatización |
||
| 999 |
_c12300 _d12300 |
||